| 000 | 00736aam a2200277 4500 | ||
|---|---|---|---|
| 005 | 20190306193922.0 | ||
| 008 | 150421b xxu||||| |||| 00| 0 spa d | ||
| 041 | _aspa | ||
| 082 | _a917.286 V297g2 | ||
| 100 |
_aVargas Ulate, Gilbert _91136 |
||
| 245 | _aGeografía de Costa Rica | ||
| 260 | _aCosta Rica | ||
| 260 | _bEUNED | ||
| 260 | _c2012 | ||
| 300 | _a384 páginas | ||
| 505 | _aContiene disco compacto N° 104 | ||
| 650 |
_aCOSTA RICA _952622 |
||
| 650 |
_aGEOGRAFÍA _91138 |
||
| 650 |
_aRECURSOS NATURALES _91141 |
||
| 650 |
_aCARTOGRAFÍA _98962 |
||
| 650 |
_aECOLOGÍA _91139 |
||
| 650 |
_aBIODIVERSIDAD _91061 |
||
| 650 |
_aINDUSTRIAS _944739 |
||
| 650 |
_aPROTECCIÓN DEL MEDIO AMBIENTE _97720 |
||
| 942 | _cBK | ||
| 999 |
_c9835 _d9835 |
||